000
00320nam a22001337a 4500
008
170713b xxu||||| |||| 00| 0 eng d
020
_a
9780760702888
041
_a
eng
080
_a
038
100
_a
23
101
_a
FJA
245
_a
WEBSTERS NEW UNIVERSAL UNABRIDGED DICTIONARY
_c
BARNE.P
942
_2
udc
_c
BK
999
_c
20430
_d
20430